Cases on criminal law : (Record no. 267)

MARC details
000 -LEADER
fixed length control field 01036cam a22002771 4500
001 - CONTROL NUMBER
control field 2179036
003 - CONTROL NUMBER IDENTIFIER
control field OSt
005 - DATE AND TIME OF LATEST TRANSACTION
control field 20110720124421.0
008 - FIXED-LENGTH DATA ELEMENTS--GENERAL INFORMATION
fixed length control field 710514s1962 enk 000 0 eng
010 ## - LIBRARY OF CONGRESS CONTROL NUMBER
LC control number 68125651
040 ## - CATALOGING SOURCE
Original cataloging agency DLC
Transcribing agency DLC
Modifying agency DLC
043 ## - GEOGRAPHIC AREA CODE
Geographic area code e-uk---
050 00 - LIBRARY OF CONGRESS CALL NUMBER
Classification number KD7868
Item number .C76 1962
082 ## - DEWEY DECIMAL CLASSIFICATION NUMBER
Classification number 345.026 ODO
100 1# - MAIN ENTRY--PERSONAL NAME
Personal name Odoki, Ben J,
Titles and other words associated with a name Sir,
Dates associated with a name 1974.
Relator term ed.
9 (RLIN) 787
245 10 - TITLE STATEMENT
Title Cases on criminal law :
Statement of responsibility, etc Ben, J. Odoki /
260 ## - PUBLICATION, DISTRIBUTION, ETC. (IMPRINT)
Place of publication, distribution, etc Kampala :
Name of publisher, distributor, etc Low Development Center.
Date of publication, distribution, etc 1974.
300 ## - PHYSICAL DESCRIPTION
Extent xxxviii, 400 p.;
Dimensions 23 cm.
650 #0 - SUBJECT ADDED ENTRY--TOPICAL TERM
Topical term or geographic name as entry element Criminal law
Geographic subdivision Uganda
General subdivision Cases.
9 (RLIN) 788
700 1# - ADDED ENTRY--PERSONAL NAME
Personal name Jones, Philip Asterley,
Relator term joint ed.
9 (RLIN) 789
906 ## - LOCAL DATA ELEMENT F, LDF (RLIN)
a 7
b cbc
c orignew
d u
e ncip
f 19
g y-gencatlg
942 ## - ADDED ENTRY ELEMENTS (KOHA)
Source of classification or shelving scheme Dewey Decimal Classification
Koha item type Books
Holdings
Withdrawn status Lost status Source of classification or shelving scheme Damaged status Not for loan Home library Current library Shelving location Date acquired Total Checkouts Full call number Barcode Date last seen Price effective from Koha item type
    Dewey Decimal Classification     Law Development Centre Main Library Law Development Centre Main Library Text Books and Laws 04/11/2011   345.026 CRI 2011/2264 04/11/2011 04/11/2011 Books
    Dewey Decimal Classification     Law Development Centre Main Library Law Development Centre Main Library Text Books and Laws 04/12/2011   345.026 ODO 2011/2265 04/12/2011 04/12/2011 Books